000 00931cam a2200301 a 4500
001 31591
003 BD-RjUL
005 20211209051726.0
008 140420r19561953enk b 001 0 eng d
035 _a(BD-RjUL)31679
040 _aVCAV
_beng
_cVCAV
_dBD-RjUL
041 _aeng
082 0 4 _a150.1954
_219
_bFOI 1956
100 1 _aFordham, Frieda.
_996132
245 1 3 _aAn introduction to Jung's psychology /
_cFreida Fordham.
260 _aLondon :
_bPenguin,
_c1953 [Reprinted 1953].
300 _a127 p ;
_c18 cm.
490 1 _aA Penguin psychology
490 1 _aPelican books ;
_vA273
504 _aIncludes bibliographical references (p.124-[125]) and index.
600 1 0 _aJung, C. G.
_q(Carl Gustav),
_d1875-1961.
_95179
650 0 _aPsychoanalysis.
_996139
830 0 _vA273.
_996142
830 0 _aPelican book ;
_996143
830 0 _aPelican psychology series.
_987964
942 _2ddc
_cBK
999 _c31591
_d31591